| 000 | 00581nam a2200133 4500 | ||
|---|---|---|---|
| 999 |
_c9292 _d9292 |
||
| 008 | 180427b ||||| |||| 00| 0 eng d | ||
| 082 | _aDPer 050 Dec 2015-Mar 2016 T48 v186-187 | ||
| 100 |
_927658 _aGibbs, Nancy. |
||
| 245 |
_aNancy Reagan 1921-2016: _bas first lady, she was stubborn, protective-and one-half of a love story the likes of which the modern White House had never seen/ _cNancy Gibbs. |
||
| 260 |
_aNew York: _bTime Inc., _c©Dec 2015-Mar 2016. |
||
| 300 |
_av187 n10, pages 32-39: _billustrations; _c27 cm. |
||
| 650 | 0 |
_927659 _aMarried people. |
|
| 942 |
_2ddc _cPER |
||